000 00633nam a2200253Ia 4500
003 OSt
005 20221007104024.0
006 a|||||r|||| 00| 0
007 ta
008 221006b |||||||| |||| 00| 0 eng d
024 _a14,680
037 _cTextual
040 _aLCO
_cLCO
_beng
041 _2eng
_aeng
082 _aZ2,9298, L2
100 _aFoulkes David
245 0 _aAdministrative Law
250 _a3rd
260 _aLondon
_bButterworths U.K.
_c1972
300 _a290
650 _aADMINISTRATIVE LAW
_9681514
942 _hZ2,9298, L2
_cTEXL
999 _c1184243
_d1184243